Año christiano, ò, Exercicios devotos para todos los domingos, y fiestas movibles del año: contiene la historia, ò explicacion de quanto hay mas particular, é instructivo en tales dias: algunas reflexiones sobre la Epistola; una meditacion despues del Evangelio de la misa, con algunos exercicios practicos, ò propositos adaptables à todo genero de personas / traducido fielmente del frances al castellano, por el Doctor Don Joaquin Castellot, Capellan Doctoral de S. Mag. en su Real Capilla de la Encarnación de Madrid

Detalles Bibliográficos
Autor principal: Croisset, Jean, S. J., 1656-1738
Formato: Libro
Lenguaje:Spanish
Publicado: en Madrid : por Andres Ortega ; a costa de la Real Compañía de Impresores, 1775
Materias:
Colección:Banco de datos
Acervo:Fondo Bibliográfico Antiguo de la Parroquia de Santa María de la Natividad de Atlixco. Puebla
Descripción Física:12 t. ; 4°
Tema general:Ascética
Notas:Portada con pleca en grabado xilográfico. Encuadernación en pergamino sobre cartón. Marca de fuego: Sociedad de Jesús. Daños en la encuadernación
LEADER 01262nam a22001810004500
035 |a 30 
041 0 |a spa 
100 1 |a Croisset, Jean, S. J., 1656-1738 
245 1 0 |a Año christiano, ò, Exercicios devotos para todos los domingos, y fiestas movibles del año: contiene la historia, ò explicacion de quanto hay mas particular, é instructivo en tales dias: algunas reflexiones sobre la Epistola; una meditacion despues del Evangelio de la misa, con algunos exercicios practicos, ò propositos adaptables à todo genero de personas / traducido fielmente del frances al castellano, por el Doctor Don Joaquin Castellot, Capellan Doctoral de S. Mag. en su Real Capilla de la Encarnación de Madrid 
260 |a en Madrid : por Andres Ortega ; a costa de la Real Compañía de Impresores, 1775 
300 |a 12 t. ; 4° 
500 |a Portada con pleca en grabado xilográfico. Encuadernación en pergamino sobre cartón. Marca de fuego: Sociedad de Jesús. Daños en la encuadernación 
650 1 0 |a Ascética 
740 0 |a Exercicios devotos para todos los domingos, y fiestas movibles del año 
949 |a t. 2 (22) 
942 |c ATLIXCO 
943 |g Fondo Bibliográfico Antiguo de la Parroquia de Santa María de la Natividad de Atlixco. Puebla 
999 |c 1100532  |d 1100532